[Event "CHI-chT"]
[Site "Santiago de Chile"]
[Date "2019.09.26"]
[Round "3.4"]
[White "Fuentealba Labra, Jorge"]
[Black "Castro, Ernesto"]
[Result "1-0"]
[WhiteElo "2088"]
[BlackElo "1944"]
[PlyCount "83"]
[EventDate "2019.09.05"]
[EventType "team-swiss"]
[EventRounds "9"]
[EventCountry "CHI"]
[SourceTitle "CBM 193 Extra"]
[Source "ChessBase"]
[SourceDate "2020.01.31"]
[SourceVersion "1"]
[SourceVersionDate "2020.01.31"]
[SourceQuality "1"]
[WhiteTeam "Chile CC Z"]
[BlackTeam "Sertal II"]
[WhiteTeamCountry "CHI"]
[BlackTeamCountry "CHI"]

1. d4 Nf6 2. Bg5 c5 3. Bxf6 gxf6 4. e3 d6 5. c3 Qb6 6. b3 f5 7. Bd3 Nc6 8. Ne2 Bg7 9. 0-0 e5 10. Ng3 e4 11. Bc4 Qd8 12. Nd2 Qg5 13. Nh5 0-0 14. Nf4 Kh8 15. g3 Nd8 16. f3 cxd4 17. cxd4 exf3 18. Nxf3 Qh6 19. Qd3 Ne6 20. Ng2 Ng5 21. Nxg5 Qxg5 22. Rae1 Be6 23. Nh4 d5 24. Bxd5 Bxd5 25. Rxf5 Qd8 26. Rh5 f5 27. Nxf5 Bg8 28. Nxg7 Kxg7 29. e4 Qf6 30. Rf5 Qg6 31. d5 Rxf5 32. exf5 Qb6+ 33. Kg2 Qd6 34. Qd4+ Kf8 35. Re6 Bxe6 36. Qf6+ Kg8 37. Qg5+ Kf8 38. Qf6+ Ke8 39. dxe6 Qc6+ 40. Kh3 Rc8 41. Qf7+ Kd8 42. e7+ 1-0

[Event "CHI-chT"]
[Site "Santiago de Chile"]
[Date "2019.09.12"]
[Round "2.3"]
[White "Fuentealba Labra, Jorge"]
[Black "Bulgarini Torre, Marco"]
[Result "1-0"]
[WhiteElo "2088"]
[BlackElo "1938"]
[PlyCount "71"]
[EventDate "2019.09.05"]
[EventType "team-swiss"]
[EventRounds "9"]
[EventCountry "CHI"]
[SourceTitle "CBM 193 Extra"]
[Source "ChessBase"]
[SourceDate "2020.01.31"]
[SourceVersion "1"]
[SourceVersionDate "2020.01.31"]
[SourceQuality "1"]
[WhiteTeam "Chile CC Z"]
[BlackTeam "Departamentos Cl"]
[WhiteTeamCountry "CHI"]
[BlackTeamCountry "CHI"]

1. c4 c5 2. Nc3 Nf6 3. g3 d5 4. cxd5 Nxd5 5. Bg2 Nc7 6. Nf3 Nc6 7. 0-0 e5 8. d3 Be7 9. b3 0-0 10. Bb2 f6 11. Rc1 Bd7 12. Nd2 Rc8 13. f4 b6 14. fxe5 Nxe5 15. Nc4 Nc6 16. Qd2 f5 17. Nd5 Nxd5 18. Bxd5+ Kh8 19. e3 Nb4 20. Bb7 Rc7 21. Bf3 Bb5 22. Be5 Rd7 23. d4 Bg5 24. a4 Ba6 25. Rcd1 Nd5 26. Rfe1 Bxc4 27. bxc4 Nxe3 28. Rxe3 cxd4 29. Bf4 Bxf4 30. gxf4 Qc7 31. Rd3 Qxc4 32. Rxd4 Qc5 33. Kh1 Rc7 34. Rd8 Rc8 35. Rxc8 Qxc8 36. Qd7 1-0

[Event "Santiago Endesa 09"]
[Site "Santiago de Chile"]
[Date "2007.07.??"]
[Round "9"]
[White "Fuentealba Labra, Jorge"]
[Black "Larrain Cadaiz, Eugenio"]
[Result "1/2-1/2"]
[WhiteElo "2214"]
[BlackElo "2292"]
[PlyCount "86"]
[EventDate "2007.07.??"]
[EventType "tourn"]
[EventRounds "9"]
[EventCountry "CHI"]
[SourceTitle "EXT 2008"]
[Source "ChessBase"]
[SourceDate "2007.11.25"]
[SourceVersion "1"]
[SourceVersionDate "2007.11.25"]
[SourceQuality "1"]

1. e4 e5 2. Nf3 Nc6 3. Bb5 Bc5 4. c3 Nf6 5. d4 exd4 6. cxd4 Bb4+ 7. Bd2 Nxe4 8. Bxb4 Nxb4 9. 0-0 0-0 10. a3 Nd5 11. Re1 Nef6 12. Nc3 Nxc3 13. bxc3 c6 14. Bd3 d6 15. h3 Qa5 16. Qc2 Qh5 17. Nd2 d5 18. Re5 Qh6 19. Rae1 Bd7 20. Nf3 Rfe8 21. Qb2 b6 22. Qb4 Rxe5 23. dxe5 c5 24. Qb3 c4 25. Qd1 cxd3 26. exf6 Qxf6 27. Qxd3 Rc8 28. Qxd5 Bc6 29. Qe5 Qxe5 30. Nxe5 Re8 31. Re3 Bd5 32. f4 f6 33. Ng4 Rxe3 34. Nxe3 Be6 35. Kf2 Kf7 36. Ke2 Ke7 37. Kd3 Kd6 38. Kd4 Kc6 39. c4 b5 40. c5 a5 41. f5 Bf7 42. g4 h6 43. Ng2 b4 1/2-1/2

[Event "CHI-ch "]
[Site "Santiago de Chile"]
[Date "2002.02.21"]
[Round "11"]
[White "Fuentealba Labra, Jorge"]
[Black "Jorquera Cahuin, Marcelo Joaquin"]
[Result "0-1"]
[WhiteElo "2194"]
[BlackElo "2371"]
[PlyCount "62"]
[EventDate "2002.02.12"]
[EventType "swiss"]
[EventRounds "11"]
[EventCountry "CHI"]
[SourceTitle "CBM 086 Extra"]
[Source "ChessBase"]
[SourceDate "2002.03.14"]
[SourceVersion "1"]
[SourceVersionDate "2002.03.14"]
[SourceQuality "1"]

1. d4 Nf6 2. Nf3 d5 3. c4 Bf5 4. cxd5 Bxb1 5. Qa4+ Nbd7 6. Rxb1 Nxd5 7. e3 e6 8. Bd2 c6 9. Bd3 Be7 10. 0-0 0-0 11. Qc2 h6 12. b4 Bd6 13. e4 N5b6 14. e5 Be7 15. Qc1 f5 16. Bxh6 gxh6 17. Qxh6 Qe8 18. Rb3 Qf7 19. Bc2 Qg7 20. Qxe6+ Rf7 21. Rd3 Nd5 22. Qxd7 Bxb4 23. Qxf7+ Kxf7 24. h4 Ke7 25. Ng5 Nf4 26. Rb3 b5 27. Rxb4 Qxg5 28. g3 Qg6 29. Kh2 Rh8 30. Rg1 Qg4 31. Rg2 Qh3+ 0-1

[Event "CHI-ch "]
[Site "Santiago de Chile"]
[Date "2002.02.18"]
[Round "8"]
[White "Queirolo Perez, Manuel"]
[Black "Fuentealba Labra, Jorge"]
[Result "1-0"]
[WhiteElo "2086"]
[BlackElo "2194"]
[PlyCount "68"]
[EventDate "2002.02.12"]
[EventType "swiss"]
[EventRounds "11"]
[EventCountry "CHI"]
[SourceTitle "CBM 086 Extra"]
[Source "ChessBase"]
[SourceDate "2002.03.14"]
[SourceVersion "1"]
[SourceVersionDate "2002.03.14"]
[SourceQuality "1"]

1. e4 c5 2. Nf3 Nc6 3. d4 cxd4 4. Nxd4 Nf6 5. Nc3 e5 6. Ndb5 d6 7. Bg5 a6 8. Na3 b5 9. Nd5 Be7 10. Nxe7 Qxe7 11. c3 0-0 12. Nc2 Qe6 13. Bxf6 Qxf6 14. Ne3 Ne7 15. a4 Bb7 16. Bd3 Bc6 17. axb5 axb5 18. Rxa8 Rxa8 19. 0-0 g6 20. Qb3 Qh4 21. g3 Qh3 22. Rd1 Rb8 23. f3 Qc8 24. Kg2 Kg7 25. Bb1 Qc7 26. Ba2 Rf8 27. Qb4 Qa7 28. Nd5 Bxd5 29. Bxd5 Qe3 30. Qxb5 Rb8 31. Qxb8 Qe2+ 32. Kh3 Qxd1 33. Qxd6 Qf1+ 34. Kg4 Ng8 1-0

[Event "CHI-ch "]
[Site "Santiago de Chile"]
[Date "2002.02.17"]
[Round "6"]
[White "Romero, Claudio"]
[Black "Fuentealba Labra, Jorge"]
[Result "1-0"]
[WhiteElo "2292"]
[BlackElo "2194"]
[PlyCount "109"]
[EventDate "2002.02.12"]
[EventType "swiss"]
[EventRounds "11"]
[EventCountry "CHI"]
[SourceTitle "CBM 086 Extra"]
[Source "ChessBase"]
[SourceDate "2002.03.14"]
[SourceVersion "1"]
[SourceVersionDate "2002.03.14"]
[SourceQuality "1"]

1. d4 g6 2. c4 f5 3. g3 Bg7 4. Bg2 Nf6 5. Nf3 0-0 6. Nc3 d6 7. 0-0 Qe8 8. d5 Na6 9. Qc2 e5 10. dxe6 Nc5 11. b3 Bxe6 12. Bb2 h6 13. h4 Qf7 14. Nd4 c6 15. Nxe6 Qxe6 16. Rad1 Rad8 17. e3 Rfe8 18. Ne2 Qf7 19. Bd4 a6 20. Nf4 Ne6 21. Nxe6 Rxe6 22. Rd3 Ng4 23. Bxg7 Qxg7 24. Rfd1 Qf6 25. Rd4 Kg7 26. Rf4 Re5 27. e4 g5 28. hxg5 hxg5 29. Rxf5 Qh6 30. Rxe5 Qh2+ 31. Kf1 Nxe5 32. c5 Rf8 33. Qc3 Rf6 34. Rxd6 Ng4 35. Rxf6 Nxf6 36. Qe5 Qh5 37. Qe7+ Kg6 38. Qd6 Kf7 39. e5 Ne8 40. Qd7+ Kf8 41. e6 Qg6 42. Be4 Qg7 43. Bf5 Qe7 44. Bg6 Nf6 45. Qd6 Nd5 46. Bf7 Kg7 47. Qe5+ Qf6 48. Qb8 Qa1+ 49. Kg2 Qb1 50. Qe5+ Kf8 51. Qxg5 Qxa2 52. Bg6 Qb2 53. Qf5+ Qf6 54. Qxf6+ Nxf6 55. Bf7 1-0

[Event "Santiago op"]
[Site "Santiago de Chile"]
[Date "2002.??.??"]
[Round "9"]
[White "Fuentealba Labra, Jorge"]
[Black "Toloza Soto, Pablo Alejandro"]
[Result "1/2-1/2"]
[WhiteElo "2210"]
[BlackElo "2360"]
[PlyCount "83"]
[EventDate "2002.04.??"]
[EventType "swiss"]
[EventRounds "9"]
[EventCountry "CHI"]
[SourceTitle "EXT 2003"]
[Source "ChessBase"]
[SourceDate "2002.11.25"]
[SourceVersion "1"]
[SourceVersionDate "2002.11.25"]
[SourceQuality "1"]

1. e4 c5 2. Nf3 d6 3. Bb5+ Nc6 4. 0-0 Bd7 5. c4 Nf6 6. Nc3 a6 7. Bxc6 Bxc6 8. Re1 Rc8 9. d4 cxd4 10. Nxd4 e6 11. b3 Be7 12. Bb2 0-0 13. Rc1 Be8 14. Rc2 g6 15. Rd2 Qa5 16. Qa1 Qh5 17. Rd3 b5 18. Rh3 Qc5 19. Nd5 Nxd5 20. cxd5 Bd7 21. Rc3 Qb6 22. Nf3 Rxc3 23. Bxc3 e5 24. Bb4 f6 25. Qc3 Bd8 26. Qc2 a5 27. Bd2 Qb7 28. Bh6 Rf7 29. Be3 Kg7 30. Nd2 f5 31. f3 Bb6 32. Qd3 Rf8 33. Rc1 fxe4 34. Nxe4 Bxe3+ 35. Qxe3 Qxd5 36. Qb6 Bf5 37. Rc7+ Kg8 38. Qa7 g5 39. Rg7+ Kh8 40. Qe7 Qd4+ 41. Kf1 Qd3+ 42. Kf2 1/2-1/2

[Event "Santiago op"]
[Site "Santiago de Chile"]
[Date "1999.??.??"]
[Round "6"]
[White "Cueto Chajtur, Johny"]
[Black "Fuentealba Labra, Jorge"]
[Result "1-0"]
[WhiteElo "2322"]
[BlackElo "2095"]
[PlyCount "105"]
[EventDate "1999.??.??"]
[EventType "swiss"]
[EventRounds "9"]
[EventCountry "CHI"]
[SourceTitle "EXT 2000"]
[Source "ChessBase"]
[SourceDate "1999.11.16"]
[SourceVersion "1"]
[SourceVersionDate "1999.11.16"]
[SourceQuality "1"]

1. e4 c6 2. Nc3 d5 3. Qf3 Nf6 4. e5 Nfd7 5. Qg3 e6 6. f4 a6 7. a4 c5 8. Nf3 Nc6 9. Be2 Nd4 10. Nxd4 cxd4 11. Nd1 Qc7 12. c3 dxc3 13. bxc3 g6 14. d4 Nb6 15. 0-0 Bd7 16. Nb2 Nc8 17. Qh3 Na7 18. Bd2 Nc6 19. Rfb1 Na5 20. Nd1 Bc6 21. Ne3 Be7 22. Ra2 h5 23. Bf3 Qd7 24. Rab2 Rb8 25. g4 Nc4 26. Nxc4 dxc4 27. Bxc6 Qxc6 28. gxh5 Kd7 29. Qg2 Kc7 30. Qxc6+ Kxc6 31. hxg6 Rhg8 32. Rb6+ Kc7 33. Be1 Rxg6+ 34. Bg3 Bh4 35. Kf2 Bxg3+ 36. hxg3 Rbg8 37. Rxb7+ Kc6 38. Kf3 Kd5 39. Rg1 Ra8 40. Rd7+ Kc6 41. Rxf7 Rb8 42. Rf6 Rxf6 43. exf6 Kd7 44. g4 Rb3 45. Rc1 Ke8 46. g5 Kf7 47. Ke4 Rb2 48. Ke5 Re2+ 49. Kd6 Rf2 50. Rb1 Rxf4 51. Rb7+ Kg6 52. Rg7+ Kf5 53. f7 1-0